Home visitation (Registro nro. 68884)
[ vista simple ]
| 000 -LÍDER | |
|---|---|
| Campo fijo de descripción fija | 01060nab a2200205 i 4500 |
| 001 - NÚMERO DE CONTROL | |
| Campo de control | 768714001 |
| 003 - IDENTIFICADOR DEL NÚMERO DE CONTROL | |
| Campo de control | CO-MdFUSB |
| 005 - FECHA Y HORA DE LA ULTIMA TRANSACCIÓN | |
| control field | 20230510121308.0 |
| 008 - ELEMENTOS DE LONGITUD FIJA -- INFORMACIÓN GENERAL | |
| Campo fijo de descripción fija -- Información general | 230510s1984 us ||||| |||| 00| 0 eng d |
| 040 ## - FUENTE DE CATALOGACIÓN | |
| Idioma de catalogación | spa |
| Agencia Catalogadora | CO-MdFUSB |
| Agencia que realiza la transcripción | CO-MdFUSB |
| Agencia que realiza la modificación | CO-MdFUSB |
| 041 ## - CÓDIGO DE IDIOMA | |
| Código de idioma para texto/pista de sonido o título separado | eng |
| 100 ## - ASIENTO PRINCIPAL--NOMBRE PERSONAL | |
| Nombre personal | Shelley, Marshall |
| Término relacionador | autor |
| 245 1# - TÍTULO | |
| Título | Home visitation |
| Subtitulo | : how well does it work? |
| Mención de responsabilidad | / Marshall Shelley |
| 300 ## - DESCRIPCIÓN FÍSICA | |
| Extensión | Volumen 5, número 2 (Spring 1984), páginas 79 - 83 |
| Dimensiones | ; 27 cm |
| 520 ## - NOTA DE RESUMEN, ETC. | |
| Nota de sumario, etc. | LEADERSHIP habla con 700 personas que habían sido contactadas por tres congregaciones diferentes que estaban usando un método llamado Explosión de Evangelismo. Se les preguntó acerca de cosas tales como sus sentimientos generales acerca de la visita y su participación general en la iglesia. Se explican algunos principios para las visitas de iglesias. |
| 546 ## - NOTA DE IDIOMA | |
| Nota de idioma | Texto en Inglés |
| 650 #0 - ASIENTO SECUNDARIO DE MATERIA - TERMINO TEMÁTICO | |
| 9 (RLIN) | 362 |
| Término temático o nombre geográfico como elemento de entrada | Evangelización |
| 773 0# - ASIENTO DE ITEM FUENTE | |
| Biblionumber | 68780 |
| Itemnumber | 81968 |
| Otro identificador del ítem | R2468 |
| Título | Leadership : |
| Número de control del registro | (CO-MdFUSB)768714001 |
| Parte(s) relacionada(s) / Volumen., número. (mes año), páginas | Volumen 5, número 2 (Spring 1984), páginas 79 - 83 |
| Enumeración y primera página | página 79 |
| 942 ## - TIPO DE MATERIAL (KOHA) | |
| Tipo de Item KOHA | Artículos de Revista |
No hay ítems disponibles.
